• 首页
  • 本馆介绍
  • 公告通知
  • 最新文献
  • 馆藏检索
  • 电子资源
  • 读者导购
  • 参考咨询
  • 我的图书馆
  • 登录
  • 详细信息显示
  • 放入我的书架
  • 预约/预借图书
  • 作者相关作品
  • 分类相关作品
  • 丛书相关作品
  • 出版社相关作品

书目信息

  • 表格格式
  • 工作单格式
  • 卡片格式
题名:
名人集
    
 
作者: 李安瑜 , 杨泰俊 著
分册:  
出版信息: 北京   科学普及出版社  1987.10
页数: 299页
开本: 19厘米
丛书名: 中学生丛书
单 册:
中图分类: K811 , I25
科图分类:
主题词: 名人--生平事迹--世界--中学--课外读物 , 报告文学--中国 , 传记文学--中国
电子资源:
ISBN: 7-110-00420-1
000 00895nam2 2200313 450
001 1547014456
005 20150123103613.64
010    @a7-110-00420-1@dCNY2.10
020    @aCN@b88006092
091    @a17051.1135
100    @a20021005d1987 aemy0chiy0110 ea
101 0  @achi
102    @aCN@b110000
105    @af z 000yy
200 1  @a名人集@9ming ren ji@f李安瑜,杨泰俊著
210    @a北京@c科学普及出版社@d1987.10
215    @a299页@c插图@d19厘米
225 2  @a中学生丛书@f袁运开主编
330    @a本书介绍了29位中外名人的业绩和感人思想。
461  0 @12001 @a中学生丛书
606 0  @a名人@x生平事迹@y世界@x中学@x课外读物
606 0  @a报告文学@x中国
606 0  @a传记文学@x中国
690    @aK811@v1980
690    @aI25@v4
701  0 @a李安瑜@9li an yu@c(女,@f1948~)@4著
701  0 @a杨泰俊@9yang tai jun@4著
801  0 @aCN@bTSSF@c20150123
905    @aZUCC@dI25@eJY106
    
    名人集/李安瑜,杨泰俊著.-北京:科学普及出版社,1987.10
    299页:插图;19厘米.-(中学生丛书/袁运开主编)
    
    
    ISBN 7-110-00420-1:CNY2.10
    本书介绍了29位中外名人的业绩和感人思想。
●
相关链接 在E读中查询图书 在五车中查询图书 在当当中查询图书 在豆瓣中查询图书


正题名:名人集     索取号:I25/JY106         预约/预借

序号 登录号 条形码 馆藏地/架位号 状态 备注
1 7843078   278430789   学院路分馆/ [索取号:I25/JY106] 在馆    
2 7843079   278430798   学院路分馆/ [索取号:I25/JY106] 在馆    
唐山师范学院图书馆 欢迎您!
大连网信软件有限公司© 版权所有